00806nam a22002537a 4500001000700000003000900007005001700016007000700033008003800040040002200078092001500100100002300115245003600138260005300174300003000227490002200257500006900279830002200348942001200370945002600382952010900408956001800517999001700535000548DO-SdBNP20180123115451.0000548160623b 1956 mx a 00| 0 spa d aBPMSUbspacBPMSU axxxxbxxxx1 aAmicis, Edmundo de10aCorazón /cEdmundo De Amicis. aMéxico :bFernández editores, c1956.f1991. a112 p. : bil. ;c20 cm. 1 aClásicos Auriga aLa biblioteca posee la vigesimaséptima reimpresión del 1991. 0pClásicos Auriga 2ddccBK aInventariado, 2018/LP 00102ddc40708CGaBPMETbBPMETd2016-07-19eDonación l0pBPMSU16070548r2016-07-19w2016-07-19yBK 2YLOCKWARD310 c10949d10949